African politics and society : a mosaic in transformation (Record no. 1334)
| 000 -LEADER | |
|---|---|
| fixed length control field | 00495nam a22001697a 4500 |
| 003 - CONTROL NUMBER IDENTIFIER | |
| control field | OSt |
| 005 - DATE AND TIME OF LATEST TRANSACTION | |
| control field | 20140617172330.0 |
| 008 - FIXED-LENGTH DATA ELEMENTS--GENERAL INFORMATION | |
| fixed length control field | 140617b xxu||||| |||| 00| 0 eng d |
| 020 ## - INTERNATIONAL STANDARD BOOK NUMBER | |
| International Standard Book Number | 9780534567699 |
| 050 ## - LIBRARY OF CONGRESS CALL NUMBER | |
| Classification number | DT30.5 .S44 2004 |
| 100 ## - MAIN ENTRY--PERSONAL NAME | |
| Personal name | Schraeder, Peter J. |
| 245 ## - TITLE STATEMENT | |
| Title | African politics and society : a mosaic in transformation |
| Statement of responsibility, etc | Peter J. Schraeder. |
| 250 ## - EDITION STATEMENT | |
| Edition statement | 2nd ed. |
| 260 ## - PUBLICATION, DISTRIBUTION, ETC. (IMPRINT) | |
| Place of publication, distribution, etc | Boston |
| Name of publisher, distributor, etc | Bedford/St. Martin's |
| Date of publication, distribution, etc | 2004 |
| 300 ## - PHYSICAL DESCRIPTION | |
| Extent | xxi, 378 p. |
| Other physical details | ill., maps ; |
| Dimensions | 24 cm. |
| 942 ## - ADDED ENTRY ELEMENTS (KOHA) | |
| Source of classification or shelving scheme | |
| Koha item type | Book |
| Withdrawn status | Lost status | Source of classification or shelving scheme | Damaged status | Not for loan | Home library | Current library | Date acquired | Total Checkouts | Total Renewals | Full call number | Barcode | Date last seen | Date checked out | Copy number | Price effective from | Koha item type | Shelving location | Checked out |
|---|---|---|---|---|---|---|---|---|---|---|---|---|---|---|---|---|---|---|
| Riara University Library | Riara University Library | 17/06/2014 | 3 | 1 | DT30.5 .S44 2004 | 4785/14 | 21/07/2017 | 20/06/2017 | C.1 | 17/06/2014 | Book | |||||||
| Riara University Library | Riara University Library | 17/06/2014 | 10 | DT30.5 .S44 2004 | 4786/14 | 30/11/2017 | 23/11/2017 | C.2 | 17/06/2014 | Book | ||||||||
| Riara University Library | Riara University Library | 17/06/2014 | 6 | DT30.5 .S44 2004 | 4787/14 | 17/10/2018 | 17/09/2018 | C.3 | 17/06/2014 | Book | ||||||||
| Riara University Library | Riara University Library | 17/06/2014 | 4 | 1 | DT30.5 .S44 2004 | 4788/14 | 15/06/2017 | 10/06/2017 | C.4 | 17/06/2014 | Book | |||||||
| Riara University Library | Riara University Library | 17/06/2014 | 3 | DT30.5 .S44 2004 | 4789/14 | 05/12/2014 | 05/12/2014 | C.5 | 17/06/2014 | Book | ||||||||
| Riara University Library | Riara University Library | 16/04/2015 | 4 | DT30.5 .S44 2004 | 5521/15 | 14/01/2026 | 14/01/2026 | C.6 | 16/04/2015 | Book | General stack | 27/02/2026 | ||||||
| Riara University Library | Riara University Library | 16/04/2015 | 1 | DT30.5 .S44 2004 | 5522/15 | 19/01/2016 | 19/01/2016 | C.7 | 16/04/2015 | Book | General stack | |||||||
| Riara University Library | Riara University Library | 16/04/2015 | 4 | DT30.5 .S44 2004 | 5523/15 | 25/05/2017 | 24/05/2017 | C.8 | 16/04/2015 | Book | General stack |
